| 000 | 01396nam0a22003011 4500 | ||
|---|---|---|---|
| 001 | rc\3513444 | ||
| 005 | 20130115142721.7 | ||
| 021 |
_aRU _b[72-18843] |
||
| 035 | _a(NLR Aleph) 007677502 | ||
| 090 |
_a6501908 _c6501908 |
||
| 100 | _a20130115d1972 |||y0rusy50 ca | ||
| 101 | 0 | _arus | |
| 102 | _aRU | ||
| 105 | _aa z ||||| | ||
| 200 | 1 |
_aСистема управления в колхозах и совхозах _eОрг. структура и структура управления _eЛекция для студентов экон. фак. и слушателей фак. повышения квалификации _fМ-во сел. хоз-ва СССР. Воронеж. с.-х. ин-т им. К.Д. Глинки |
|
| 210 |
_aВоронеж _cБ. и. _d1972 |
||
| 215 |
_a23 с., 1 л. схем. _cсхем. _d19 |
||
| 300 | _aПеред загл. авт.: И.Ф. Бригадин, канд. экон. наук. На обл. авт. И.В.[!] Бригадин | ||
| 320 | _aСписок лит. в конце книги (10 назв.) | ||
| 606 |
_aСовхозы _xУправление _2psbo |
||
| 606 |
_aКолхозы _xУправление _2psbo |
||
| 700 | 1 |
_aБригадин _bИ. Ф. _gИван Федорович |
|
| 790 | 1 |
_aБригадин _bИ. В.[!] |
|
| 801 | 0 |
_aRU _bNLR _gpsbo |
|
| 801 | 1 |
_aRU _bELAR _2rusmarc |
|
| 852 |
_aNLR _j72-4/11610 |
||
| 942 | _cBOOK | ||
| 980 | _aNB | ||